000 00346cam a22000977a 4500
008 180718b1959 xxu||||| |||| 00| 0 eng d
082 _aR11x54 In2p
245 _aEmployment and social policy: report of group of the panel of economists
_cby Planning Commission
260 _aNew Delhi
_bPlanning Commission
_c1959
700 _aIndia. Planning Commission
999 _c495364
_d495364